• 首页
  • 本馆介绍
  • 公告通知
  • 最新文献
  • 馆藏检索
  • 电子资源
  • 读者导购
  • 参考咨询
  • 我的图书馆
  • 登录
  • 详细信息显示
  • 放入我的书架
  • 预约/预借图书
  • 作者相关作品
  • 分类相关作品
  • 丛书相关作品
  • 出版社相关作品

书目信息

  • 表格格式
  • 工作单格式
  • 卡片格式
题名:
生态剧场下的当代艺术研究
    
 
作者: 张丹 著
分册:  
出版信息: 北京   中国纺织出版社有限公司  2021.4
页数: 279页
开本: 21cm
丛书名:
单 册:
中图分类: J114
科图分类:
主题词: 艺术教育--研究
电子资源:
ISBN: 978-7-5180-7981-0
000 00846nam0 2200229 45
001 012001001719
005 20141011102310.0
010    @a978-7-5180-7981-0@dCNY128.00
100    @a20210311d2021 em y0chiy50 ea
101 0  @achi
102    @aCN@b110000
105    @aa z 000yy
106    @ar
200 1  @a生态剧场下的当代艺术研究@Asheng tai ju chang xia de dang dai yi shu yan jiu@b专著@e生态思维在当代艺术教学中的应用@f张丹著
210    @a北京@c中国纺织出版社有限公司@d2021.4
215    @a279页@c彩图@d21cm
330    @a本书分七章,内容包括:生态思维、生态思维方法论在艺术中的运用、当代艺术中的再生思维研究、个体与群体的关系对情境艺术的启示、从艺术本体角度研究情景艺术发展变化等。
606 0  @a艺术教育@x研究
690    @aJ114@v5
701  0 @a张丹@Azhang dan@4著
801  2 @aCN@b江苏凤凰@c20211018
905    @b1345449-52@dJ114@e160@f4
    
    生态剧场下的当代艺术研究:生态思维在当代艺术教学中的应用/张丹著.-北京:中国纺织出版社有限公司,2021.4
    279页:彩图;21cm
    
    
    ISBN 978-7-5180-7981-0:CNY128.00
    本书分七章,内容包括:生态思维、生态思维方法论在艺术中的运用、当代艺术中的再生思维研究、个体与群体的关系对情境艺术的启示、从艺术本体角度研究情景艺术发展变化等。
●
相关链接 在E读中查询图书 在五车中查询图书 在当当中查询图书 在豆瓣中查询图书


正题名:生态剧场下的当代艺术研究     索取号:J114/160         预约/预借

序号 登录号 条形码 馆藏地/架位号 状态 备注
1 1345449   213454493   第一样本阅览室/ [索取号:J114/160] 在馆    
2 1345450   213454509   第一借阅区/ [索取号:J114/160] 在馆    
3 1345451   213454518   第一借阅区/ [索取号:J114/160] 在馆    
4 1345452   213454527   第一借阅区/ [索取号:J114/160] 在馆    
唐山师范学院图书馆 欢迎您!
大连网信软件有限公司© 版权所有